| 000 | 00405nam a22001577a 4500 | ||
|---|---|---|---|
| 003 | OSt | ||
| 005 | 20170105102929.0 | ||
| 020 | _a1850658099 | ||
| 040 | _a1 | ||
| 082 |
_a327.73 _bANS 2006 |
||
| 100 | _aAnsari, Ali M. | ||
| 245 |
_aConfronting Iran _bThe Failure of American Foreign Policy and the Roots of Mistrust |
||
| 260 |
_aLondon _bHurst & Company _cc2006 |
||
| 300 |
_a280p: _b24cm |
||
| 942 |
_2ddc _cBK |
||
| 999 |
_c15958 _d15958 |
||